000 00572cam a22002053a 4500
001 40783
003 PGUSA
005 20140828083918.0
008 120917s2012||||xxu|||||s|||||000 | eng d
040 _aPGUSA
_beng
042 _adc
100 1 _aPuddefoot, W. G.
245 1 4 _aThe Minute Man of the Frontier
_h[electronic resource] /
_cW. G. Puddefoot
260 _bProject Gutenberg,
_c2012
506 _aPublic domain in the USA.
516 _aElectronic text
830 0 _aProject Gutenberg
_v40783
856 4 0 _uhttp://www.gutenberg.org/ebooks/40783
942 _cEB
999 _c270035
_d270035